In-vitro evaluation of exotic Hevea genotypes for resistance to corynespora cassiicola (Record no. 61664)

MARC details
000 -LEADER
fixed length control field 02269nam a2200241Ia 4500
100 ## - MAIN ENTRY--AUTHOR NAME
Personal name Achuo Enow A
245 #0 - TITLE STATEMENT
Title In-vitro evaluation of exotic Hevea genotypes for resistance to corynespora cassiicola
260 ## - PUBLICATION, DISTRIBUTION, ETC. (IMPRINT)
Name of publisher Journal of Rubber Research
Year of publication 2001
300 ## - PHYSICAL DESCRIPTION
Number of Pages 255-269
520 ## - SUMMARY, ETC.
Summary, etc Hevea leaf fall disease caused by Corynespora cassiicola (Berk & Curt) Wei, is one of the major disease constraints to the production of natural rubber (Hevea brasiliensis) in South Cameroon. Attempts to control this disease by traditionally recommended practices such as artificial defoliation or aerial spray of fungicides have not yielded satisfactory results in Cameroon. Production of disease resistant planting material may provide a more efficient disease control strategy. As part of a screening process of a large pool of Hevea genetic resources for disease resistance, we evaluated in-vitro, 28 genotypes collected from Amazonia. These genotypes were tested for resistance to two isolates of C. cassiicola (NKO1 and NKO2), obtained from different clones showing different levels of susceptibility to the disease in the same field in South Cameroon. The two isolates had similar growth characteristics on culture media. However, isolate NKO1 grew faster than NKO2 on Ptato Dextrose Agar and was also more virulent on the test material. The two isolates may belong to different races. To verify this, further characterisation of the isolates is recommended. Significant differences were observed in the response of the tested Hevea genotypes to each of the isolates. Genotypes AC/S/12/22, RO/07/48, and AC/B/19/22 had the highest resistance to both isolates. These could constitute good source material in breeding for disease resistance. Due to their high susceptibility to both isolates, genotypes AC/S/12/02, MT/1/25, MT/C/04/22, MT/C/04/27 and RO/C/08/33 may have to be avoided in any such breeding programme.
650 ## - SUBJECT ADDED ENTRY--TOPICAL TERM
Topical Term Breeding
650 ## - SUBJECT ADDED ENTRY--TOPICAL TERM
Topical Term Cameroon
650 ## - SUBJECT ADDED ENTRY--TOPICAL TERM
Topical Term Corynespora cassiicola
650 ## - SUBJECT ADDED ENTRY--TOPICAL TERM
Topical Term Disease resistance
650 ## - SUBJECT ADDED ENTRY--TOPICAL TERM
Topical Term Genotypes
650 ## - SUBJECT ADDED ENTRY--TOPICAL TERM
Topical Term Hevea brasiliensis
650 ## - SUBJECT ADDED ENTRY--TOPICAL TERM
Topical Term In vitro
650 ## - SUBJECT ADDED ENTRY--TOPICAL TERM
Topical Term Leaf fall
700 ## - ADDED ENTRY--PERSONAL NAME
Personal name Ebai Maxwell M
700 ## - ADDED ENTRY--PERSONAL NAME
Personal name Mokoko Gobina S
942 ## - ADDED ENTRY ELEMENTS (KOHA)
Koha item type Journals
Holdings
Withdrawn status Lost status Damaged status Not for loan Home library Current library Shelving location Date acquired Serial Enumeration / chronology Koha item type
      Journals RRII Library RRII Library Pathology 30/01/2002 Volume 4, Issue 4 Journals